LEADER 00942nam0-2200289 --450 001 9910292956603321 005 20230517160144.0 100 $a20181127d2011----kmuy0itay5050 ba 101 0 $aita 102 $aIT 105 $aa 001yy 200 1 $aCapolavori dell'800 da collezioni private$e26 marzo - 1 maggio 2011$ftesti di Lamberto Nata e Giorgio Barberis 210 $aCuneo$cAssociazione culturale Galleria Primarte$d2011 215 $a72 p.$cill.$d21 cm 300 $aCatalogo della mostra 610 0 $aPittura italiana$aSec.19.$aImpressionismo$aCollezioni private 676 $a708.513$v20$zita 676 $a759.05$v20$zita 702 1$aNata,$bLamberto 702 1$aBarberis,$bGiorgio 801 0$aIT$bUNINA$gREICAT$2UNIMARC 901 $aBK 912 $a9910292956603321 952 $aOPUSC. 30 (21)$bBIBL. 2018$fFLFBC 959 $aFLFBC 996 $aCapolavori dell'800 da collezioni private$91540632 997 $aUNINA LEADER 01892oam 2200529I 450 001 9910704398003321 005 20160223150043.0 035 $a(CKB)5470000002439700 035 $a(OCoLC)776920574 035 $a(EXLCZ)995470000002439700 100 $a20120213j199701 ua 0 101 0 $aeng 135 $aurbn||||||||| 181 $ctxt$2rdacontent 182 $cc$2rdamedia 183 $acr$2rdacarrier 200 12$aA comparison of two control display unit concepts on flight management system training /$fTerence S. Abbott 210 1$aHampton, Virginia :$cNational Aeronautics and Space Administration, Langley Research Center,$dJanuary 1997. 215 $a1 online resource (8 pages) $cillustrations 225 1 $aNASA technical memorandum ;$v4744 300 $aTitle from title screen (viewed Feb. 23, 2016). 300 $a"January 1997." 300 $a"Performing organization: NASA Langley Research Center, Hampton, VA"--Report documentation page. 320 $aIncludes bibliographical references (page 8). 606 $aFlight management systems$2nasat 606 $aGraphical user interface$2nasat 606 $aCockpits$2nasat 606 $aDisplay devices$2nasat 606 $aAirline operations$2nasat 615 7$aFlight management systems. 615 7$aGraphical user interface. 615 7$aCockpits. 615 7$aDisplay devices. 615 7$aAirline operations. 700 $aAbbott$b Terence S.$01389320 712 02$aLangley Research Center, 712 02$aUnited States.$bNational Aeronautics and Space Administration, 801 0$bOCLCE 801 1$bOCLCE 801 2$bOCLCQ 801 2$bOCLCF 801 2$bOCLCO 801 2$bGPO 906 $aBOOK 912 $a9910704398003321 996 $aA comparison of two control display unit concepts on flight management system training$93440695 997 $aUNINA